Pietsmiet-Mitglieder (richtige Namen) - Statistiken

Allgemein
  • Dieses Quiz wurde 107 mal gespielt
  • Das Durchschnittsergebnis liegt bei 5 aus 6
Antwortstatistiken
Hint Antwort % Korrekt
Peter Smits
99%
Dennis Brammen
97%
Jonathan Apelt
89%
Christian Stachelhaus
87%
Sebastian Lenßen
86%
bis 2015 Denis Hartwig
51%
Keine übereinstimmenden Quizze gefunden
Verteilung der Resultate
Anzahl Personen mit jedem Resultat
Perzentil nach korrekt beantworteten Fragen
Ihre Resultats-Entwicklung
Sie haben dieses Quiz noch nicht gespielt